|
|
|
|
| LEADER |
01071nam a2200253 a 4500 |
| 001 |
31870 |
| 003 |
BD-DhAAL |
| 005 |
20211207114124.0 |
| 008 |
170719s2016 bg a|||| ||||f00| 0 eng d |
| 999 |
|
|
|c 38177
|d 38177
|
| 040 |
|
|
|a BD-DhAAL
|b BD-DhAAL
|
| 082 |
|
|
|2 23
|a 354.549200722
|
| 245 |
|
|
|a Child focused budget, 2016-17 :
|b blooming children : prosperous Bangladesh
|
| 260 |
|
|
|a Dhaka :
|b Finance division, Ministry of Finance, Government of the People's Republic of Bangladesh,
|c 2016
|
| 300 |
|
|
|a 54 pages :
|b illustrations ;
|c 25 cm.
|
| 526 |
|
|
|a ESS
|
| 541 |
|
|
|e 31870
|
| 650 |
|
|
|a Budget
|z Bangladesh.
|9 21818
|
| 650 |
|
|
|a Child welfare
|x Finance
|z Bangladesh.
|9 21819
|
| 650 |
|
|
|a Economics.
|9 43479
|
| 710 |
|
|
|a Finance division, Ministry of Finance, Government of the People's Republic of Bangladesh,
|9 21820
|
| 852 |
|
|
|a Ayesha Abed Library
|c General Stacks
|
| 942 |
|
|
|2 ddc
|c BK
|
| 952 |
|
|
|0 0
|1 0
|2 ddc
|4 0
|6 354_549200722000000_CHI
|7 0
|9 60862
|a BRACUL
|b BRACUL
|c GEN
|d 2017-07-04
|e Lucky Book Seller
|g 80.00
|l 0
|o 354.549200722 CHI
|p 3010031870
|r 2017-07-04
|t 1
|v 80.00
|w 2017-07-04
|y BK
|